00333 2200133 4500001002100000005001500021035002000036008004100056100001200097245003900109084001200148260002900160650001000189INLIS00000000000116020250409092458 a0010-0325001156 ind  aAmin, M aPembangunan Jiwo Layang Kalimosodo aF AMI p bCV. AMIN SURABAYA,c1981 aAgama